000 00548cam a2200169 4500500
005 20260405003926.0
041 _afre
042 _adc
100 1 0 _aLegros, Martin
_eauthor
245 0 0 _aLa leçon de lecture de Stefan Zweig : le billet de Martin Legros
260 _c2025.
500 _a21
690 _alecture
690 _aMartin Legros
786 0 _nPhilosophie magazine | 190 | 6 | 2025-06-01 | p. 43-43 | 1951-1787
856 4 1 _uhttps://shs.cairn.info/magazine-philosophie-magazine-2025-6-page-43?lang=fr&redirect-ssocas=7080
999 _c2072156
_d2072156